000 00481cam a22001337a 4500
008 180718b2005 xxu||||| |||| 00| 0 eng d
100 _aWellenius, Bjorn
245 _aThe radio spectrum: opportunities and challenges for the developing world
_cby Bjorn Wellenius and Isabel Neto
260 _aWashington, D.C.
_bWorld Bank
_c2005
300 _a23p.
440 _aPolicy research working paper; no. 3742
650 _aRadio frequency allocation --Management
700 _aNeto, Isabel
999 _c292939
_d292939